| 000 | 00000nam 2200000zi 4500 |
| 001 | 9.933918 |
| 003 | CaOODSP |
| 005 | 20240625152002 |
| 006 | m o d f |
| 007 | cr |n||||||||| |
| 008 | 240202e199202##qucbd ob f|0| 0 fre d |
| 040 | |aCaOODSP|bfre|erda|cCaOODSP |
| 043 | |an-cn-qu |
| 086 | 1 |aEn154-369/1992F-PDF |
| 245 | 00|aÉvaluation des apports de contaminants au fleuve Saint-Laurent en provenance des tributaires : |brapport d'étude. |
| 264 | 1|a[Montréal] : |bEnvironnement Canada, Centre Saint-Laurent, |cfévrier 1992. |
| 300 | |a1 ressource en ligne (2 volumes) : |bcartes, graphiques |
| 336 | |atexte|btxt|2rdacontent/fre |
| 337 | |ainformatique|bc|2rdamedia/fre |
| 338 | |aressource en ligne|bcr|2rdacarrier/fre |
| 500 | |aÉdition numérisée de l’imprimé [par Environnement et changement climatique Canada]. |
| 500 | |aEn tête du titre : Rapport 2. |
| 500 | |a« Rapport présenté dans le cadre du projet fleuve Saint-Laurent : bilan sur les apports toxiques et les usages du fleuve Saint-Laurent. » |
| 504 | |aComprend des références bibliographiques. |
| 505 | 0 |aV. 1. Rapport d'étude. -- V. 2. Annexe. |
| 610 | 20|aCentre Saint-Laurent. |
| 650 | 6|aEau|xPollution|xRecherche|zSaint-Laurent (Fleuve) |
| 650 | 6|aEau|xQualité|xPostes de surveillance|zSaint-Laurent (Fleuve) |
| 650 | 0|aWater|xPollution|xResearch|zSaint Lawrence River. |
| 650 | 0|aWater quality monitoring stations|zSaint Lawrence River. |
| 710 | 1 |aCanada. |bEnvironnement Canada, |eorganisme de publication. |
| 710 | 2 |aCentre Saint-Laurent, |eorganisme de publication. |
| 856 | 40|qPDF|s1.59 Mo|uhttps://publications.gc.ca/collections/collection_2024/eccc/en154/En154-369-1992-fra.pdf|z(rapport) |
| 856 | 40|qPDF|s1.72 Mo|uhttps://publications.gc.ca/collections/collection_2024/eccc/en154/En154-369-1992-1-fra.pdf|z(annexe) |